00650nam a2200181 i 450000100060000000300090000600500170001500700030003200800410003508000120007610000200008824501470010826000700025530000470032565000420037270000220041485200320043690213ES-MaACL20250824041919.0t|050119s1950 fr ||||1| fre d a725.8221 aLeblanc, Louis.10aTraité d'aménagement des salles de spectacles. nII, pl'equipement des scènes et des estrades / cpar Louis Leblanc et Georges Leblanc. aParís : bVincent Fréal et Cie., c[1950] (fL'Emancipatrice) a44 fol., 10 lám. : bil. ; c25 x 32 cm. 7aTeatros-xDiseño y construcción21 aLeblanc, Georges. aES-MaACLjC-31440 bR.70000